000 00457 a2200145 4500
020 _a9295003160
040 _aDLC
_bDLC
082 _a621.384
245 _aICTP lecture notes : evolution and convergence in telecommunications
_cS. Radicella & Grilli, D.
260 _aItaly :
_bICTP,
_cc2002
300 _avi, 184p. :
_bill.,
_c24 cm.
500 _aIncludes bibliographical references and index
650 _a Telecommunications
942 _cBK
_k621.384 RAD
_2ddc
999 _c8557
_d8557